| 000 | 00733cam a22002172 4500 | ||
|---|---|---|---|
| 001 | 0000020367 | ||
| 005 | 20151217152212.0 | ||
| 008 | 110913s xx 000 0 eng d | ||
| 020 | _a9966874672 : | ||
| 040 |
_aKABU _cKABU |
||
| 245 | 1 | 0 |
_aBeyond the scars : _ba medical history of the 1998 Nairobi bombing of the American embassy / _c[edited by] Susan Mwangi. |
| 250 | _a1st ed. | ||
| 260 |
_aNairobi, Kenya : _bAMREF, _c2006. |
||
| 300 | _aviii, 148 p. | ||
| 650 | 0 |
_aBlast injuries _cNairobi. _zKenya. _@0000180590 |
|
| 650 | 0 |
_aBombing _cNairobi _xHealth aspects _zKenya. _@0000180591 |
|
| 700 | 1 |
_aMwangi, Susan. _@0000177901 |
|
| 852 | 1 | _9p800 KES | |
| 908 | _a110913 | ||
| 950 | _@1 | ||
| 999 |
_c9288 _d9288 |
||